Bytový polyfunkčný objekt, Slovany, Bratislava

Salvato in:
Dettagli Bibliografici
Autore principale: Kyseľ, Miloš, 1988- (Autore)
Altri autori: Závodný, Ľubomír, 1959- (Relatore della tesi)
Natura: Manoscritto Libro
Lingua:slovacco
Pubblicazione: Bratislava 2015
Soggetti:
Accesso online:http://is.stuba.sk/zp/portal_zp.pl?podrobnosti=112389
Tags: Aggiungi Tag
Nessun Tag, puoi essere il primo ad aggiungerne!!

MARC

LEADER 00000ntm a22000003a 4500
001 stuzp51920
003 SK-STU
005 20210305101012.1
007 ta
008 150427s2015----xo-----f-mn---000-0-slo-d
040 |a STU  |b slo 
041 0 |a slo 
100 1 |a Kyseľ, Miloš,  |d 1988-  |u 051110  |4 aut  |U FA Fakulta architektúry  |U FAD Fakulta architektúry  |T FA Ústav architektúry obytných budov  |X 57926  |U A1110  |Y 392  |7 A000057926 
242 0 1 |a Multifunctional residential building, Slovany, Bratislava  |y eng 
245 1 0 |a Bytový polyfunkčný objekt, Slovany, Bratislava 
260 |c 2015  |a Bratislava 
650 4 |a Hotel  |2 slo 
650 4 |a Filiálka  |2 slo 
650 4 |a Bratislava  |2 slo 
650 4 |a Hotel  |2 eng 
650 4 |a Filiálka  |2 eng 
650 4 |a Bratislava  |2 eng 
700 1 |a Závodný, Ľubomír,  |d 1959-  |4 ths  |X 45410  |7 45410 
856 4 |u http://is.stuba.sk/zp/portal_zp.pl?podrobnosti=112389  |u https://opac.crzp.sk/?fn=detailBiblioForm&sid=D6D76FDBEB5D0472D770C9D57304 
SQL |a stuzp51920  |b DDP  |c SLO  |d Bytový polyfunkčný objekt, Slovany, Bratislava  |e 57926  |f Kyseľ, Miloš  |g 051110  |h 45410  |i Závodný, Ľubomír  |j 20150604  |k 153  |l 05  |m http://is.stuba.sk/zp/portal_zp.pl?podrobnosti=112389  |n I-ARCH  |o 5.1.1. architektúra a urbanizmus